Ładuje się......

Kahanikar Mohan Rakesh

Opis bibliograficzny
1. autor: Sushma Agarwal
Format: Printed Book
Wydane: Jaipur Panchsheel 1979
Hasła przedmiotowe:
LEADER 00662nam a22002051a 4500
020 |c 0.00 
040 |a SSUS - Library - Kalady 
082 |a H301 09  |b SUS/K 
100 |a Sushma Agarwal 
245 |a Kahanikar Mohan Rakesh  |h [Text] 
260 |a Jaipur  |b Panchsheel  |c 1979 
300 |a 136p. 
600 |a Literature Hindi Criticism  
600 |a Literature 
600 |a Stories Hindi Criticism 
600 |a Stories Mohan Rakesh Study 
852 |h H301 09  |i SUS/K  |p 041803  |9 20.00  |t 0 
942 |c BK 
999 |c 22385  |d 22385 
952 |0 0  |1 0  |4 0  |6 H_301_090000000000000_SUS_K  |7 0  |9 31478  |a SSUS  |b SSUS  |d 2015-01-08  |g 20.00  |o H301 09 SUS/K  |p 041803  |r 2015-01-08  |v 0.00  |w 2015-01-08  |y BK